[Event "Gipuzkoa-ch"]
[Site "San Sebastian"]
[Date "2011.10.22"]
[Round "3"]
[White "Olaizola Ortega, Luis"]
[Black "D'Anna Razzetti, Juan Pablo"]
[Result "1-0"]
[WhiteElo "2217"]
[BlackElo "1871"]
[PlyCount "95"]
[EventDate "2011.10.08"]
[EventType "swiss"]
[EventRounds "7"]
[EventCountry "ESP"]
[SourceTitle "EXT 2024"]
[Source "ChessBase"]
[SourceDate "2023.10.10"]
[SourceVersion "1"]
[SourceVersionDate "2023.10.10"]
[SourceQuality "1"]

1. Nf3 d5 2. d4 Nf6 3. c4 e6 4. Nc3 c6 5. Bg5 Be7 6. e3 Nbd7 7. Bd3 h6 8. Bf4 0-0 9. h3 dxc4 10. Bxc4 b5 11. Bd3 b4 12. Na4 c5 13. 0-0 Bb7 14. Rc1 Rc8 15. Qe2 cxd4 16. Rxc8 Qxc8 17. Nxd4 Nd5 18. Bh2 e5 19. Nf5 Re8 20. Qg4 g6 21. Nxh6+ Kg7 22. Nxf7 Nf8 23. Nxe5 Bf6 24. Qxc8 Rxc8 25. Rd1 Re8 26. Nc4 Bc6 27. Nc5 Nb6 28. Nd6 Re7 29. Rd2 Ne6 30. Nxe6+ Rxe6 31. Rc2 Bd5 32. Rc7+ Re7 33. Rxe7+ Bxe7 34. Be5+ Kh7 35. b3 a5 36. Bd4 a4 37. Bxb6 Bxd6 38. Bc2 Be5 39. f4 Bc3 40. e4 Be6 41. g4 a3 42. Kf2 Kg7 43. Ke3 Kf7 44. Bd4 Be1 45. Ke2 Bh4 46. f5 Bd7 47. Bc5 Be7 48. fxg6+ 1-0

[Event "San Sebastian op 33rd"]
[Site "San Sebastian"]
[Date "2010.04.04"]
[Round "9"]
[White "D'Anna Razzetti, Juan Pablo"]
[Black "Miguelez Garcia, Erlantz"]
[Result "0-1"]
[WhiteElo "1804"]
[BlackElo "1958"]
[PlyCount "38"]
[EventDate "2010.03.28"]
[EventType "swiss"]
[EventRounds "9"]
[EventCountry "ESP"]
[SourceTitle "CBM 135 Extra"]
[Source "ChessBase"]
[SourceDate "2010.05.04"]
[SourceVersion "1"]
[SourceVersionDate "2010.05.04"]
[SourceQuality "1"]

1. d4 Nf6 2. c4 e6 3. Nc3 c5 4. d5 exd5 5. cxd5 d6 6. e4 g6 7. f4 Bg7 8. Nf3 0-0 9. Bc4 Re8 10. Qc2 Nxe4 11. Nxe4 Bf5 12. Bd3 Na6 13. a3 c4 14. Qxc4 Rc8 15. Qb5 Bxe4 16. 0-0 Bxd3 17. Qxd3 Nc5 18. Qb5 a6 19. Qb4 Re4 0-1

[Event "San Sebastian op 33rd"]
[Site "San Sebastian"]
[Date "2010.03.29"]
[Round "2"]
[White "Bayrakdar Bianco, Philippe"]
[Black "D'Anna Razzetti, Juan Pablo"]
[Result "1/2-1/2"]
[WhiteElo "1745"]
[BlackElo "1804"]
[PlyCount "106"]
[EventDate "2010.03.28"]
[EventType "swiss"]
[EventRounds "9"]
[EventCountry "ESP"]
[SourceTitle "CBM 135 Extra"]
[Source "ChessBase"]
[SourceDate "2010.05.04"]
[SourceVersion "1"]
[SourceVersionDate "2010.05.04"]
[SourceQuality "1"]

1. e4 c5 2. Nf3 d6 3. d4 cxd4 4. Nxd4 Nf6 5. Nc3 e6 6. Bg5 a6 7. Bd3 Be7 8. Qd2 Nbd7 9. f4 Qc7 10. f5 e5 11. Nb3 b5 12. Bxf6 Nxf6 13. a3 Bb7 14. g4 Nxg4 15. Rg1 Bh4+ 16. Ke2 h5 17. h3 Qb6 18. Bxb5+ axb5 19. hxg4 b4 20. axb4 hxg4 21. Rxa8+ Bxa8 22. Rg2 g3 23. Nd5 Qb5+ 24. Qd3 Qxd3+ 25. cxd3 Bxd5 26. exd5 Rh5 27. Nd2 Rxf5 28. Ne4 Kd7 29. b5 Rf4 30. b6 f5 31. b7 Kc7 32. Nxd6 g6 33. Ke3 Rb4 34. Nc4 f4+ 35. Kf3 Bf6 36. Na5 e4+ 37. dxe4 Rxb2 38. Rxb2 Bxb2 39. d6+ Kb8 40. Nc6+ Kxb7 41. d7 Bf6 42. d8Q Bxd8 43. Nxd8+ Kc8 44. Ne6 Kd7 45. Nxf4 g5 46. Kxg3 gxf4+ 47. Kxf4 Ke6 48. e5 Ke7 49. Kf5 Kf7 50. e6+ Ke7 51. Ke5 Ke8 52. Kf4 Kf8 53. Kg5 Ke8 1/2-1/2

[Event "Gipuzkoa-ch"]
[Site "Zarautz"]
[Date "2009.11.28"]
[Round "6"]
[White "D'Anna Razzetti, Juan Pablo"]
[Black "Goni Garmendia, Aitor"]
[Result "1-0"]
[WhiteElo "1818"]
[BlackElo "1847"]
[PlyCount "57"]
[EventDate "2009.10.24"]
[EventType "swiss"]
[EventRounds "7"]
[EventCountry "ESP"]
[SourceTitle "EXT 2012"]
[Source "ChessBase"]
[SourceDate "2011.11.24"]
[SourceVersion "1"]
[SourceVersionDate "2011.11.24"]
[SourceQuality "1"]

1. d4 Nf6 2. c4 g6 3. Nf3 Bg7 4. g3 0-0 5. Bg2 d5 6. 0-0 dxc4 7. Nbd2 c6 8. Nxc4 Nbd7 9. Bf4 Nd5 10. Bd2 b5 11. Nce5 Nxe5 12. Nxe5 Bb7 13. e4 Bxe5 14. exd5 Bxd4 15. dxc6 Ba6 16. c7 Qxc7 17. Bf4 Qb6 18. Bh6 Rfd8 19. Bxa8 Bxf2+ 20. Rxf2 Rxd1+ 21. Rxd1 f5 22. Rd7 Kf7 23. Bg5 Ke6 24. Rxe7+ Kd6 25. Kg2 Qa5 26. Rxh7 Qe1 27. b4 f4 28. Bxf4+ Ke6 29. Bg5 1-0

[Event "Gipuzkoa-ch"]
[Site "Zarautz"]
[Date "2009.10.31"]
[Round "2"]
[White "D'Anna Razzetti, Juan Pablo"]
[Black "Ladron de Guevara Galar, Francisco Javier"]
[Result "1/2-1/2"]
[WhiteElo "1818"]
[BlackElo "2071"]
[PlyCount "75"]
[EventDate "2009.10.24"]
[EventType "swiss"]
[EventRounds "7"]
[EventCountry "ESP"]
[SourceTitle "EXT 2012"]
[Source "ChessBase"]
[SourceDate "2011.11.24"]
[SourceVersion "1"]
[SourceVersionDate "2011.11.24"]
[SourceQuality "1"]

1. d4 d5 2. c4 e6 3. Nc3 Nf6 4. e3 Be7 5. Nf3 Nbd7 6. Bd3 0-0 7. 0-0 b6 8. b3 Bb7 9. Bb2 c5 10. Rc1 Rc8 11. Re1 Qc7 12. cxd5 exd5 13. e4 dxe4 14. Nxe4 Qf4 15. Nfd2 Rfd8 16. Qe2 cxd4 17. Rxc8 Rxc8 18. Bxd4 Bb4 19. Be3 Qc7 20. Rd1 Re8 21. Nxf6+ Nxf6 22. Bb5 Rd8 23. Nf3 Bd6 24. h3 Ne4 25. Rc1 Qe7 26. Bd4 Ba3 27. Re1 Qb4 28. Bd3 Nf6 29. Bxf6 gxf6 30. Be4 Bxe4 31. Qxe4 Qxe4 32. Rxe4 Rd1+ 33. Kh2 Bd6+ 34. g3 Rd3 35. Kg2 f5 36. Rd4 Rxd4 37. Nxd4 f4 38. g4 1/2-1/2

[Event "San Sebastian Mailako op 2nd"]
[Site "San Sebastian"]
[Date "2008.11.22"]
[Round "6"]
[White "Fernandez Zubitur, Jokin"]
[Black "D'Anna Razzetti, Juan Pablo"]
[Result "1/2-1/2"]
[WhiteElo "1806"]
[BlackElo "1753"]
[PlyCount "68"]
[EventDate "2008.10.18"]
[EventType "swiss"]
[EventRounds "7"]
[EventCountry "ESP"]
[SourceTitle "EXT 2011"]
[Source "ChessBase"]
[SourceDate "2010.11.26"]
[SourceVersion "1"]
[SourceVersionDate "2010.11.26"]
[SourceQuality "1"]

1. e4 e5 2. Nf3 Nc6 3. Bc4 Nf6 4. Ng5 d5 5. exd5 Na5 6. Bb5+ c6 7. dxc6 bxc6 8. Qf3 Bb7 9. Ba4 Qd4 10. Bb3 Nxb3 11. Qxb3 Qd7 12. 0-0 Bd6 13. d3 0-0 14. Ne4 Nxe4 15. dxe4 Rab8 16. Qd3 Rbd8 17. Be3 Qc8 18. c4 Ba6 19. Qc2 Rd7 20. Rd1 Rfd8 21. b3 Bb4 22. Nd2 f6 23. Nf3 c5 24. h3 Bb7 25. Rxd7 Rxd7 26. a3 Ba5 27. Nd2 Bxd2 28. Bxd2 Bxe4 29. Qxe4 Rxd2 30. Qe3 Rd4 31. Qc3 Qa6 32. Qb2 Qd6 33. Rc1 a5 34. Qc3 Qb6 1/2-1/2

[Event "San Sebastian Mailako op 2nd"]
[Site "San Sebastian"]
[Date "2008.11.15"]
[Round "5"]
[White "D'Anna Razzetti, Juan Pablo"]
[Black "Fernandez del Pozo, Anibal"]
[Result "1-0"]
[WhiteElo "1753"]
[BlackElo "1771"]
[PlyCount "65"]
[EventDate "2008.10.18"]
[EventType "swiss"]
[EventRounds "7"]
[EventCountry "ESP"]
[SourceTitle "EXT 2011"]
[Source "ChessBase"]
[SourceDate "2010.11.26"]
[SourceVersion "1"]
[SourceVersionDate "2010.11.26"]
[SourceQuality "1"]

1. d4 c5 2. d5 b5 3. e4 a6 4. c4 bxc4 5. Bxc4 d6 6. b3 Nf6 7. Nd2 g6 8. Bb2 Bg7 9. Qc2 0-0 10. f4 e6 11. dxe6 fxe6 12. Ne2 d5 13. Bd3 Nbd7 14. h3 Bb7 15. 0-0 dxe4 16. Nxe4 c4 17. Nxf6+ Bxf6 18. Bxc4 Qb6+ 19. Kh1 Qc6 20. Nd4 Bxd4 21. Bxd4 Nf6 22. f5 Ne4 23. Bxe6+ Rf7 24. Bxf7+ Kxf7 25. Qxc6 Bxc6 26. Kh2 Rd8 27. Rad1 gxf5 28. Rxf5+ Kg6 29. Rff1 Rd5 30. Bb2 Rg5 31. Rd6+ Nxd6 32. Rf6+ Kh5 33. g4+ 1-0

[Event "Gipuzkoako-ch U16"]
[Site "Errenteria"]
[Date "2007.11.18"]
[Round "5.4"]
[White "Alberdi Jarit, Gaizka"]
[Black "D'Anna Razzetti, Juan Pablo"]
[Result "0-1"]
[WhiteElo "1674"]
[BlackElo "1723"]
[PlyCount "72"]
[EventDate "2007.10.21"]
[EventType "swiss"]
[EventRounds "6"]
[EventCountry "ESP"]
[SourceTitle "EXT 2024"]
[Source "ChessBase"]
[SourceDate "2023.10.10"]
[SourceVersion "1"]
[SourceVersionDate "2023.10.10"]
[SourceQuality "1"]

1. e4 c5 2. Nf3 Nc6 3. Bb5 g6 4. c3 Nf6 5. e5 Nd5 6. 0-0 Bg7 7. d4 cxd4 8. cxd4 0-0 9. Qb3 Nc7 10. Be2 d6 11. d5 Nxe5 12. Nxe5 Bxe5 13. Nc3 Rb8 14. Be3 b6 15. a4 Bb7 16. Rfd1 Na6 17. Nb5 Nc5 18. Qb4 a6 19. Nc3 Qc7 20. Rac1 Rfc8 21. Bg4 f5 22. Bf3 Qd8 23. g3 Bf6 24. Bg2 Ba8 25. f4 Qd7 26. Bd4 Bxd4+ 27. Qxd4 Nb3 28. Qd3 Nxc1 29. Rxc1 Qa7 30. Re1 b5+ 31. Kh1 bxa4 32. Nxa4 Rb4 33. Qa3 Rcc4 34. b3 Rd4 35. Rc1 Qb7 36. Rb1 Rxa4 0-1